Arctic Monkeys Lyrics - Plastic Tramp - Statistics

General Stats
  • This quiz has been taken 29 times
  • The average score is 212 of 262
Answer Stats
Lyrics % Correct
the
100%
And
95%
and
95%
I
95%
is
95%
Is
95%
on
95%
you
95%
You
95%
your
95%
at
90%
only
90%
thing
90%
again,
86%
But
86%
can
86%
eyes
86%
friend
86%
if
86%
imagination
86%
lying
86%
Lying
86%
My
86%
of
86%
say
86%
there,
86%
You're
86%
you're
86%
all
81%
away
81%
bastard
81%
can't
81%
everywhere
81%
He
81%
he
81%
His
81%
his
81%
In
81%
in
81%
lies
81%
mate"
81%
me
81%
nothing
81%
really
81%
sobbing
81%
"Sorry,
81%
"sorry,
81%
There's
81%
underneath
81%
walk
81%
won't
81%
Won't
81%
as
76%
be
76%
disguise
76%
game
76%
hair
76%
hasn't
76%
looks
76%
many
76%
plan
76%
remember
76%
Shadows
76%
that
76%
you'd
76%
You'd
76%
crafted
71%
isn't
71%
mind
71%
most
71%
people
71%
play
71%
slept
71%
unkept
71%
unkind
71%
what
71%
When
71%
am
67%
by
67%
do
67%
he's
67%
how
67%
imagine
67%
it
67%
our
67%
proof
67%
purposely
67%
wept
67%
wrong
67%
baffled
62%
better
62%
conscience
62%
could
62%
feet
62%
hide
62%
lack
62%
or
62%
soaking
62%
solve
62%
stand
62%
this
62%
This
62%
this,
62%
wearing
62%
where
62%
world
62%
Desperation
57%
grin?
57%
grin
57%
identity
57%
mystery
57%
horrible
52%
redefined
52%
street?
52%
deceit?
43%
doorways,
33%
full
24%
No matching quizzes found
Score Distribution
Percent of People with Each Score
Percentile by Number Answered
Your Score History
You have not taken this quiz